000 00413nab a2200145Ia 4500
003 ES-SlBCS
005 20210601134623.0
008 140529s1986 xxu||||| |||| 00| 0 spa d
041 _aspa
100 1 _aMenini, Marino
_9220406
245 0 0 _aAmérica busca su esencia cotidiana
_c Marino Menini
650 0 4 _aAmericanismo
_9220516
773 0 _tAnthropos
_gvol. 7, nº. 12, 1986, págs. 56-66
_wRev38
942 _cAR
999 _c615399
_d615399